00273nam a2200121Ia 4500008004100000100001700041245002100058260001900079300000900098650002000107942000700127999001700134190216s9999||||xx |||||||||||||| ||und|| aSatyajit Ray 0aKalavu Poya Yesu bDc Booksc1986 a111p aMalayalam Novel cBK c26479d26479